Studies in Hosea; (Record no. 7395)
[ view plain ]
| 000 -LEADER | |
|---|---|
| fixed length control field | 00676cam a22002411 4500 |
| 001 - CONTROL NUMBER | |
| control field | 7001188 |
| 003 - CONTROL NUMBER IDENTIFIER | |
| control field | GBCCL |
| 005 - DATE AND TIME OF LATEST TRANSACTION | |
| control field | 20241126110627.0 |
| 008 - FIXED-LENGTH DATA ELEMENTS--GENERAL INFORMATION | |
| fixed length control field | 771011s1957 tnu 000 0 eng |
| 010 ## - | |
| -- | 57012144 |
| 035 ## - SYSTEM CONTROL NUMBER | |
| System control number | (OCoLC)3331780 |
| 040 ## - CATALOGING SOURCE | |
| Original cataloging agency | DLC |
| Transcribing agency | NcWU |
| Modifying agency | DLC |
| 042 ## - | |
| -- | premarc |
| 050 00 - | |
| -- | BS1565 |
| -- | .W48 |
| 082 ## - DEWEY DECIMAL CLASSIFICATION NUMBER | |
| Classification number | 224.6007 |
| Item number | WHI |
| 100 1# - MAIN ENTRY--PERSONAL NAME | |
| Personal name | White, Kenneth Owen, |
| Dates associated with a name | 1902- |
| 9 (RLIN) | 13084 |
| 245 10 - TITLE STATEMENT | |
| Title | Studies in Hosea; |
| Remainder of title | God's incomparable love. |
| 260 ## - PUBLICATION, DISTRIBUTION, ETC. | |
| Place of publication, distribution, etc. | Nashville, |
| Name of publisher, distributor, etc. | Convention Press |
| Date of publication, distribution, etc. | [1957] |
| 300 ## - PHYSICAL DESCRIPTION | |
| Extent | 142 p. |
| Dimensions | 19 cm. |
| 630 00 - SUBJECT ADDED ENTRY--UNIFORM TITLE | |
| Uniform title | Bible. |
| Name of part/section of a work | Hosea |
| Form subdivision | Textbooks. |
| 9 (RLIN) | 13085 |
| 906 ## - LOCAL DATA ELEMENT F, LDF (RLIN) | |
| a | 7 |
| b | cbc |
| c | oclcrpl |
| d | u |
| e | ncip |
| f | 19 |
| g | y-gencatlg |
| 942 ## - ADDED ENTRY ELEMENTS (KOHA) | |
| Source of classification or shelving scheme | Dewey Decimal Classification |
| Koha item type | Books |
| Koha issues (borrowed), all copies | 21 |
| Withdrawn status | Lost status | Source of classification or shelving scheme | Damaged status | Not for loan | Home library | Current Library | Shelving location | Date acquired | Total checkouts | Full call number | Barcode | Date last seen | Date last checked out | Copy number | Price effective from | Koha item type |
|---|---|---|---|---|---|---|---|---|---|---|---|---|---|---|---|---|
| Dewey Decimal Classification | GRACE BIBLE COLLEGE | GRACE BIBLE COLLEGE | Biblical Studies | 2018-08-06 | 10 | 224.6007 WHI | 000051 | 2025-05-01 | 2024-01-27 | c.1 | 2018-08-06 | Books | ||||
| Dewey Decimal Classification | GRACE BIBLE COLLEGE | GRACE BIBLE COLLEGE | Biblical Studies | 2018-08-06 | 11 | 224.6007 WHI | 000052 | 2025-05-01 | 2023-02-23 | c.2 | 2018-08-06 | Books |